Медики Острога (Запис № 571001)

МАРК-запис
000 -Лідер
fixed length control field 00835 a2200217 4500
003 - Ідентифікатор контрольного номера
control field UA-OsUOA
005 - Дата та час останнього входження (трансакції)
control field 20210810142946.0
008 - Елементи даних фіксованої довжини – загальна інформація
fixed length control field 210714b un ||||| |||| 00| 0 ukr d
040 ## - Джерело каталогізації
Агенція оригінальної каталогізації UA-OsUOA
Мова каталогізації ukr
Агенція, яка здійснювала перезапис UA-OsUOA
Агенція, яка здійснювала модифікацію UA-OsUOA
041 ## - Код мови
Код мови тексту/ звукової доріжки чи окремого заголовка (П) ukr
080 ## - Індекс Універсальної десяткової класифікації
Індекс Універсальної десяткової класифікації (УДК) (НП) 82-94:614.2
090 ## - Локальний шифр розміщення
Класифікаційний індекс УДК 82-94:614.2
Авторський знак (НП) Ш83
100 ## - Основне введення – ім’я особи
Ім’я особи (НП) Шпізель Р.
Титули та інші слова, що асоціюються з іменем кандидат мед. наук
245 ## - Відомості про назву
Назва (НП) Медики Острога
Решта назви (НП) історико-біографо-бібліографічне дослідження
Дані про відповідальність (НП) Рафаель Шпізель
260 ## - Публікація, розповсюдження і т.п. (Вихідні дані)
Місце публікації, розповсюдження і т.п. (П) Острог
Ім’я/ наймення видавництва, розповсюджувача і т.п. (П) Свинарчук Р. В.
Дата публікації, розповсюдження і т.п. (П) 2004
300 ## - Фізичний опис
Обсяг 302 с.
650 ## - Додаткове предметне введення – тематичний термін
Джерело заголовка чи терміна UDC
Тематичний термін чи географічна назва, як елемент введення (НП) 82 Література
942 ## - Додаткові елементи входу (Коха)
Тип елемента Koha Книги
Source of classification or shelving scheme Universal Decimal Classification
955 ## - Код типу видання за змістом
Код типу видання за змістом (НП) Довідкові видання
Фонди
Стан вилучень Стан втрат Джерело класифікації або схеми стелажів Стан уражень Не для кредиту Постійне місце розташування Поточне розміщення Дата придбання Джерело придбання Вартість, звичайна ціна покупки Усього замовленно Повний номер виклику Штрих-код Дата останнього перегляду Вартість, ціна заміни Ціна ефективна від Тип елемента Koha
    Universal Decimal Classification     АБ - Абонемент НБ АБ - Абонемент НБ 14/07/2021 №20/22.06.21 30.00   82-94:614.2 Ш83 163649 10/02/2022 30.00 14/07/2021 Книги